| Поле | Инд. | ПП | Название | Значение |
|---|---|---|---|---|
| Тип записи | a | |||
| Библиографический уровень | b | |||
| 001 | Контрольный номер | RU/IS/BASE/440681905 | ||
| 005 | Дата корректировки | 20200609191248.2 | ||
| 008 | Кодируемые данные | 20131218 | ||
| 040 | b | Код языка каталог. | rus | |
| e | Правила каталог. | PSBO | ||
| 041 | 0_ | a | Код языка текста | rus |
| 084 | a | Индекс другой классификации/Индекс ББК | 87.25; 74в | |
| 100 | 1_ | a | Автор | Крицкая А. Р. |
| q | Полное имя | Крицкая Анна Рудольфовна | ||
| 245 | 10 | a | Заглавие | Некоторые концептуальные основы самообразования обучающихся |
| 504 | a | Библиография | Библиогр.: с. 74 | |
| 520 | 0_ | a | Аннотация | Самообразование рассматривается как самостоятельная развивающе-образовательная деятельность по постановке цели, осознанию мотивации, выбору средств и методов деятельности с последующим контролем и рефлексией результатов - при некоторой управляющей функции обучающего |
| 650 | 14 | a | Основная рубрика | образование |
| a | Основная рубрика | педагогика | ||
| a | Основная рубрика | философия | ||
| a | Основная рубрика | философия науки | ||
| 653 | 1_ | a | Ключевые слова | биографический метод |
| a | Ключевые слова | принципы самообразования | ||
| a | Ключевые слова | самообразование | ||
| a | Ключевые слова | самообразование групповое | ||
| a | Ключевые слова | самообразование рефлексивное | ||
| a | Ключевые слова | самообразование субъектное | ||
| a | Ключевые слова | синергетический подход | ||
| a | Ключевые слова | системность самообразования | ||
| a | Ключевые слова | структура самообразования | ||
| a | Ключевые слова | философия образования | ||
| 773 | 08 | t | Заглавие источника | Вопросы философии |
| d | Дата издания источника | 2013 | ||
| g | Прочая информация | № 5. - С. 70 - 74 | ||
| w | Контрольный № источника | RU/IS/BASE/424277693 | ||
| 901 | t | Тип документа | b |